000 00476nam a2200157 i 4500
001 58895
003 ES-MaACL
007 t|
008 031024s1970 xxr ||||1| spa d
245 0 0 _aElementos de máquinas /
_cV. Dobrovolski...[et al.] ; [traducido del ruso por José Puig Torres].
260 _aMoscú :
_bMir,
_c1970.
300 _a692 p. ;
_c22 cm.
700 1 _aDobrovolski, V.
_944946
700 1 _aPuig Torres, José.
_994284
852 _aES-MaACL
_jE-6629
_bR.90546
999 _c58895
_d58895